000 01302nam a22002777a 4500
003 CO-CtgCURN
005 20250522171159.0
008 250522b |||||||| |||| 00| 0 eng d
020 _a9789586559980
040 _aCO-CtgCURN
_bspa
_ccoctgcurn
082 _a616.998
_bR696i
100 _aRodríguez Toro, Gerzaín
245 _aLa Lepra:
_bImágenes y conceptos /
_cGerzaín Rodríguez; Rafael Pinto.
260 _aMedellín:
_bEditorial Universidad de Antioquía,
_bUniversidad de la Sabana,
_c2007.
300 _axvi; 178 páginas,
_bilustraciones,
_c24 cm.
490 _aSalud. Medicina
500 _aIncluye índice analítico.
505 _a1: Definición. 2: Historia. 3: Epidemiología. 4: Etiología. 5: Clasificación. 6: Inmunología. 7: Patogenia del daño neural. 8:Histopatología general. 9: Clínica. 10: Reacciones. 11: Diagnóstico diferencial. 12: Tratamiento. 13: Prevención. 14: Rehabilitación. 15: Recidivas. 16: El programa de lepra en Colombia.
650 _aLepra
650 _aLepra
_xDiagnóstico
650 _aLepra
_xTratamiento
650 _aLepra
_xPrevención y control
_zColombia
700 _aPinto García, Rafael
_eautor
700 _aMoreno Cardona, Verónica María
_eilustradora
942 _2ddc
_cBK
_h616.998
_iR696i
_n0
999 _c48873
_d48873